It looks like you're offline.
Open Library logo
additional options menu

MARC Record from Scriblio

Record ID marc_records_scriblio_net/part14.dat:128246795:906
Source Scriblio
Download Link /show-records/marc_records_scriblio_net/part14.dat:128246795:906?format=raw

LEADER: 00906cam 22002773a 4500
001 2002555101
003 DLC
005 20030306202126.0
008 020228s2002 nyu 000 0aeng d
010 $a 2002555101
042 $alccopycat
035 $a(OCoLC)ocm49214244
040 $aBKL$cBKL$dSPP$dDLC
020 $a042518451X (pbk.) :$c$6.99
050 00 $aCPB Box no. 1919 vol. 15
100 1 $aShelby, Tom.
245 10 $aMichelle and me :$bthe incredible true stories of a K-9 search-and-rescue team /$cTom Shelby with Victoria Houston.
250 $aBerkley ed.
260 $aNew York :$bBerkley Books,$c2002.
300 $a176 p. ;$c18 cm.
650 0 $aDog trainers$zUnited States$vBiography.
650 0 $aSearch and rescue operations.
650 0 $aSearch dogs.
650 0 $aRescue dogs.
700 1 $aHouston, Victoria,$d1945-
710 2 $aCopyright Paperback Collection (Library of Congress)$5DLC